US States with the highest scrabble value - Statistics

General Stats
  • This quiz has been taken 391 times
  • The average score is 5 of 11
Answer Stats
Score State % Correct
23 New Mexico
61%
19 North Dakota
56%
19 South Dakota
55%
25 New Hampshire
51%
22 New Jersey
50%
18 North Carolina
49%
18 South Carolina
48%
20 Pennsylvania
44%
19 West Virginia
40%
20 Massachusetts
37%
21 Kentucky
33%
No matching quizzes found
Score Distribution
Percent of People with Each Score
Percentile by Number Answered
Your Score History
You have not taken this quiz